000 00252nam a2200097Ia 4500
001 1040479
005 20250826232024.0
008 250824s9999 xx 000 0 und d
245 0 _aSELAHADDİN ŞARK’IN KARTALI
_cALİ EMRE
260 _bKETEBE YAYINLARI
999 _c1040479
_d1040479